[Event "Foment Martinenc op-C 18th"]
[Site "Barcelona"]
[Date "2016.04.30"]
[Round "2"]
[White "Capella Baladas, Jaume Francesc"]
[Black "Bertran Tur, Aleix"]
[Result "1-0"]
[WhiteElo "1800"]
[BlackElo "1665"]
[PlyCount "67"]
[EventDate "2016.04.23"]
[EventType "swiss"]
[EventRounds "9"]
[EventCountry "ESP"]
[SourceTitle "EXT 2017"]
[Source "ChessBase"]
[SourceDate "2016.10.25"]
[SourceVersion "1"]
[SourceVersionDate "2016.10.25"]
[SourceQuality "1"]

1. d4 d5 2. c4 e6 3. Nc3 Bb4 4. a3 Bxc3+ 5. bxc3 dxc4 6. Bf4 Bd7 7. e3 b5 8. Nf3 f6 9. Be2 Ne7 10. 0-0 0-0 11. a4 a6 12. axb5 Bxb5 13. Nd2 Nd5 14. Qc2 Nxf4 15. exf4 Qd5 16. Bf3 Qd6 17. Bxa8 Qxf4 18. Rfe1 Re8 19. Re4 Qd6 20. Rh4 h6 21. Qg6 f5 22. Rxh6 Kf8 23. Rh8+ Ke7 24. Qxg7+ Kd8 25. Rxe8+ Bxe8 26. Nxc4 Qf4 27. Qe5 Qh6 28. Re1 Bf7 29. Qc5 Nd7 30. Qa5 e5 31. Nxe5 Nxe5 32. Qxe5 Qd2 33. Qe7+ Kc8 34. Qf8+ 1-0